One piece par la lettre H - Statistiques

Statistiques générales
  • Ce quiz a été pris 184 fois
  • Le résultat moyen est 11 sur 15
Statistiques - réponses
Hint Réponse % Correct
L'équipage de Law L'équipage du Heart
89%
Fils de Morgan Hermep
88%
Homme poisson qui se dope Hody
85%
Géant rencontré sur Dressrosa Hajrudin
82%
Nuage de Big Mom Héra
82%
Punk Hazard
78%
Soeur de Momo Hiyori
78%
Scientifique sous les ordres de Moria Hogback
78%
Sous-directeur d'Impel Down Hannyabal
76%
Usopp s'est entraîné avec lui pendant 2 ans Héraclès
72%
"Quand croyez vous qu'un homme meurt" Hiluluk
70%
Homme-poisson révolutionnaire Hack
66%
La dame de fer Hina
65%
Membre de l'équipage de Kidd Heat
52%
Libéré de la prison d'Udon par Luffy Hyogoro
51%
Aucun quiz correspondant
Distribution des résultats
% des personnes avec chaque résultat
Percentile par nombre de réponses
Votre historique - résultats
Vous n’avez pas pris ce quiz